| 000 | 00829nam a22001337a 4500 | ||
|---|---|---|---|
| 008 | 160514b xxu||||| |||| 00| 0 eng d | ||
| 100 | _aTanggard, J.E. | ||
| 245 | _aSpecialkatalog over Danmarks stalstukne frimaerker. Varianternes vidunderlige verden. Bind II. Part 3 Bolgelinieudgaven 1933-65 | ||
| 260 |
_aHorsens, [Danmark] _bForlag ved Tom Plovst (Aarhus, [Danmark] Tryk Hanbergs Bogtrykkeri), _c1965 |
||
| 650 | _aDenmark | 1933-1965 | 1933-1940 | Definitive Issues | Errors and Varieties | Printing | Plates and Plating | Production | Sheets and Panes | Engraving | Plate Blocks and Numbers | Marginal Markings and Imprints | Blocks | Tete-beche Stamps | Booklets and Minipacks | Overprints and Surcharges | Parcel Post | Catalogs and Price Lists | ||
| 700 | _aLarsen, Chr. | ||
| 700 | _aMortensen, P. | ||
| 700 | _aPlovst, Tom | ||
| 999 |
_c2008 _d2008 |
||